000 00344nam a22001577a 4500
005 20260127165945.0
008 160701b xxu||||| |||| 00| 0 eng d
041 _aeng
082 _a006.6
100 _axiang Zhigang
_9164
245 _aComputer graphics
260 _bTMH
300 _a341
650 _aInformation Technology
942 _cBK
999 _c5052
_d5050